Томский метеорит; Проблемы геологии и освоения недр; Т. 1

Bibliografski detalji
Parent link:Проблемы геологии и освоения недр: труды XVIII Международного симпозиума имени академика М. А. Усова студентов и молодых ученых, Томск, 7-11 апреля 2014 г./ Национальный исследовательский Томский политехнический университет (ТПУ), Институт природных ресурсов (ИПР) ; Общество инженеров-нефтяников, международная некоммерческая организация, Студенческий чаптер ; под ред. А. Ю. Дмитриева.— , 2014
Т. 1.— [С. 180-182]
Glavni autor: Юринова Ю. А.
Autor kompanije: Национальный исследовательский Томский политехнический университет (ТПУ) Институт природных ресурсов (ИПР) Кафедра геологии и разведки полезных ископаемых (ГРПИ)
Daljnji autori: Столбова Н. Ф. Нэля Федоровна (научный руководитель)
Sažetak:Заглавие с экрана
Jezik:ruski
Izdano:
Serija:Минералогия, геохимия и петрография
Teme:
Online pristup:http://earchive.tpu.ru/handle/11683/168
http://www.lib.tpu.ru/fulltext/c/2014/C11/V1/079.pdf
Format: Elektronički Poglavlje knjige
KOHA link:https://koha.lib.tpu.ru/cgi-bin/koha/opac-detail.pl?biblionumber=608220

MARC

LEADER 00000naa2a2200000 4500
001 608220
005 20260318133937.0
035 |a (RuTPU)RU\TPU\conf\5650 
035 |a RU\TPU\conf\5648 
090 |a 608220 
100 |a 20140923d2014 k y0rusy50 ca 
101 0 |a rus 
102 |a RU 
135 |a drcn ---uucaa 
181 0 |a i  
182 0 |a b 
200 1 |a Томский метеорит  |f Ю. А. Юринова 
203 |a Текст  |c электронный 
225 1 |a Минералогия, геохимия и петрография 
300 |a Заглавие с экрана 
320 |a [Библиогр.: с. 182 (4 назв.)] 
337 |a Adobe Reader 
461 1 |0 (RuTPU)RU\TPU\conf\5590  |t Проблемы геологии и освоения недр  |o труды XVIII Международного симпозиума имени академика М. А. Усова студентов и молодых ученых, Томск, 7-11 апреля 2014 г.  |o в 2 т.  |f Национальный исследовательский Томский политехнический университет (ТПУ), Институт природных ресурсов (ИПР) ; Общество инженеров-нефтяников, международная некоммерческая организация, Студенческий чаптер ; под ред. А. Ю. Дмитриева  |d 2014 
463 1 |0 (RuTPU)RU\TPU\conf\5592  |t Т. 1  |v [С. 180-182] 
610 1 |a труды учёных ТПУ 
610 1 |a электронный ресурс 
610 1 |a метеориты 
610 1 |a Томск 
610 1 |a химический состав 
610 1 |a астероиды 
610 1 |a рентгено-флуоресцентный анализ 
700 1 |a Юринова  |b Ю. А. 
702 1 |a Столбова  |b Н. Ф.  |c российский геолог  |c доцент Томского политехнического университета  |f 1940-  |g Нэля Федоровна  |4 727 
712 0 2 |a Национальный исследовательский Томский политехнический университет (ТПУ)  |b Институт природных ресурсов (ИПР)  |b Кафедра геологии и разведки полезных ископаемых (ГРПИ)  |3 (RuTPU)RU\TPU\col\18660 
801 2 |a RU  |b 63413507  |c 20210915  |g RCR 
856 4 |u http://earchive.tpu.ru/handle/11683/168 
856 4 |u http://www.lib.tpu.ru/fulltext/c/2014/C11/V1/079.pdf 
942 |c BK